Online
Catalog

Reforma de la hacienda pública / (Record no. 14475)

MARC details
000 -CABECERA
campo de control de longitud fija 02043nam a2200361 a 4500
001 - NÚMERO DE CONTROL
campo de control 000014895
003 - IDENTIFICADOR DEL NÚMERO DE CONTROL
campo de control DO-SdBNP
005 - FECHA Y HORA DE LA ÚLTIMA TRANSACCIÓN
campo de control 20251106134354.0
008 - DATOS DE LONGITUD FIJA--INFORMACIÓN GENERAL
campo de control de longitud fija 100127s2007 dr 001 0 spa d
020 ## - NÚMERO INTERNACIONAL ESTÁNDAR DEL LIBRO
Número Internacional Estándar del Libro 9789945406504
040 ## - FUENTE DE LA CATALOGACIÓN
Centro catalogador/agencia de origen DO-SdBNP
Lengua de catalogación spa
Centro/agencia transcriptor BNPHU
082 ## - NÚMERO DE LA CLASIFICACIÓN DECIMAL DEWEY
Número de clasificación 336.7293
Número de documento/Ítem R426r, 2007
110 1# - ENTRADA PRINCIPAL--NOMBRE DE ENTIDAD CORPORATIVA
Nombre de entidad corporativa o nombre de jurisdicción como elemento de entrada República Dominicana.
Unidad subordinada Secretaría de Estado de Hacienda
9 (RLIN) 33733
245 10 - MENCIÓN DE TÍTULO
Título Reforma de la hacienda pública /
Mención de responsabilidad, etc. edición, Virgilio Alcántara.
250 ## - MENCIÓN DE EDICIÓN
Mención de edición Primera edición
264 #1 - PRODUCCIÓN, PUBLICACIÓN, DISTRIBUCIÓN, FABRICACIÓN Y COPYRIGHT
Producción, publicación, distribución, fabricación y copyright Santo Domingo :
Nombre del de productor, editor, distribuidor, fabricante Secretaría de Estado de Hacienda,
Fecha de producción, publicación, distribución, fabricación o copyright 2007.
300 ## - DESCRIPCIÓN FÍSICA
Extensión 287 páginas ;
Dimensiones 23 cm.
336 ## - TIPO DE CONTENIDO
Término de tipo de contenido texto
Código de tipo de contenido txt
Fuente rdacontent
337 ## - TIPO DE MEDIO
Nombre/término del tipo de medio sin mediación
Código del tipo de medio n
Fuente rdamedia
338 ## - TIPO DE SOPORTE
Nombre/término del tipo de soporte volumen
Código del tipo de soporte nc
Fuente rdacarrier
505 2# - NOTA DE CONTENIDO CON FORMATO
Nota de contenido con formato Presentación -- Antecedentes de la reforma -- Ley 494-06 de organización de la Secretaría de Estado de Hacienda -- Ley 5-07 que crea el sistema integrado de administración financiera del Estado -- Ley 423-06 orgánica de presupuesto del sector público -- Ley 567-05 de tesorería nacional -- Ley 6-06 de crédito público -- Ley 340-06 de compras y contrataciones de bienes, obras, servicios y concesiones del Estado -- Ley 449-06 que modifica la Ley No. 340-06 sobre contrataciones de bienes, obras, servicios y concesiones -- Ley 126-01 mediante la cual de crea la dirección general de contabilidad gubernamental -- Ley 10-07 de la contraloría general de la República y del control interno.
590 ## - NOTA LOCAL (RLIN)
Nota local Inventariado, 2018/LP
650 #0 - PUNTO DE ACCESO ADICIONAL DE MATERIA--TÉRMINO DE MATERIA
Término de materia o nombre geográfico como elemento de entrada Finanzas públicas
Subdivisión general Legislación
Subdivisión geográfica República Dominicana
9 (RLIN) 32168
650 #4 - PUNTO DE ACCESO ADICIONAL DE MATERIA--TÉRMINO DE MATERIA
Término de materia o nombre geográfico como elemento de entrada Política fiscal
9 (RLIN) 8379
650 #4 - PUNTO DE ACCESO ADICIONAL DE MATERIA--TÉRMINO DE MATERIA
Término de materia o nombre geográfico como elemento de entrada Reforma tributaria
Subdivisión geográfica República Dominicana
9 (RLIN) 8275
650 #4 - PUNTO DE ACCESO ADICIONAL DE MATERIA--TÉRMINO DE MATERIA
Término de materia o nombre geográfico como elemento de entrada Presupuesto
Subdivisión general Legislación
Subdivisión geográfica República Dominicana
9 (RLIN) 33735
650 #4 - PUNTO DE ACCESO ADICIONAL DE MATERIA--TÉRMINO DE MATERIA
Término de materia o nombre geográfico como elemento de entrada Deuda pública
Subdivisión geográfica República Dominicana
9 (RLIN) 10016
650 #4 - PUNTO DE ACCESO ADICIONAL DE MATERIA--TÉRMINO DE MATERIA
Término de materia o nombre geográfico como elemento de entrada Auditoria interna
9 (RLIN) 7941
651 #4 - PUNTO DE ACCESO ADICIONAL DE MATERIA--NOMBRE GEOGRÁFICO
Nombre geográfico Política de finanzas públicas
Subdivisión geográfica República Dominicana
9 (RLIN) 33734
700 1# - PUNTO DE ACCESO ADICIONAL--NOMBRE DE PERSONA
Nombre de persona Alcántara, Virgilio,
Término indicativo de función/relación editor
Código de función/relación ed.
9 (RLIN) 6466
910 ## - DATOS DE OPCIÓN DEL USUARIO (OCLC)
Datos de opción del usuario Validado. Control de calidad MMOLINA
942 ## - ELEMENTOS DE PUNTO DE ACCESO ADICIONAL (KOHA)
Fuente del sistema de clasificación o colocación Dewey Decimal Classification
Tipo de ítem Koha Libro
Holdings
Estado de retiro Estado de pérdida Fuente del sistema de clasificación o colocación No para préstamo Código de colección Localización permanente Ubicación/localización actual Ubicación en estantería Fecha de adquisición Total de préstamos Signatura topográfica completa Código de barras Fecha visto por última vez Precio válido a partir de Tipo de ítem Koha Número de copia
    Dewey Decimal Classification Excluido de préstamo Patrimonio Dominicano Biblioteca Nacional Pedro Henríquez Ureña Patrimonio Dominicano Depósito 27.01.2010   BNPHU PD 336.7293 R426r 14895-10 25.06.2020 25.06.2020 Libro y Folleto Colección Patrimonio Dominicano  
    Dewey Decimal Classification Excluido de préstamo Patrimonio Dominicano Biblioteca Nacional Pedro Henríquez Ureña Patrimonio Dominicano Depósito 11.03.2010   BNPHU PD 336.7293 R426r 14895-20 25.06.2020 25.06.2020 Libro y Folleto Colección Patrimonio Dominicano e. 2

Powered by Koha